00681nam a2200241 a 4500001001300000003000900013005001700022008004100039020001000080082001900090100002100109245003200130260003700162300000900199500003500208505001000243650002000253700002100273902000800294942000700302952011500309999001500424nice12345678IN_TiNIC20260116011708.0050524s1942 laha grp 000 0 urd  ac0.500a891.4397bTAJ1 aTaj, S Imtiyaz A aMulla Dopiyaza Ki Kahaniyan aLahorebDarul Ishaat Quranc1942 a111p aincludes index and biblioraphy2 aIndex aUrdu-Literature1 aTaj, S Imtiyaz A bSRS cBK 001040708StackRoom-aHMIbHMId2007-06-01g0.50l0o891.4397 TAJ1p08188r2007-06-01v0.50w2005-05-24yBK c3442d3442